[Event "Montreal Mercredi 10"]
[Site "Montreal CAN"]
[Date "2008.10.22"]
[Round "3"]
[White "Giroux, Robert"]
[Black "Plante, Michel"]
[Result "0-1"]
[WhiteElo "1972"]
[BlackElo "1980"]
[PlyCount "126"]
[GameId "2160767910311345"]
[EventDate "2008.10.08"]
[EventType "tourn"]
[EventRounds "5"]
[EventCountry "CAN"]
[SourceTitle "EXT 2011"]
[Source "ChessBase"]
[SourceDate "2011.11.26"]
[SourceVersion "1"]
[SourceVersionDate "2011.11.26"]
[SourceQuality "1"]

1. e4 d6 2. d4 Nf6 3. Nc3 g6 4. Be3 c6 5. Qd2 b5 6. Bd3 Nbd7 7. Nf3 e5 8. dxe5 dxe5 9. h3 Bb7 10. O-O Bg7 11. a4 b4 12. Ne2 c5 13. Bh6 Bxh6 14. Qxh6 Bxe4 15. Bxe4 Nxe4 16. Qe3 f5 17. Rad1 Qe7 18. Rd5 Nef6 19. Rd2 e4 20. Nh2 O-O 21. Rfd1 Ne5 22. b3 Rad8 23. Rxd8 Rxd8 24. Rxd8+ Qxd8 25. Qxc5 Qd1+ 26. Nf1 Nf3+ 27. gxf3 Qxe2 28. Qc4+ Qxc4 29. bxc4 exf3 30. Nd2 Ne4 31. Nxf3 Nc5 32. Ne5 a5 33. Nc6 Nb7 34. f4 Kf7 35. Kf2 Ke6 36. Ke3 Kd6 37. Nd4 Kc5 38. Kd3 Kb6 39. Nb3 Nc5+ 40. Kd4 Nxa4 41. c5+ Kb5 42. Kd5 Nc3+ 43. Kd6 Ne4+ 44. Kd5 Nf6+ 45. Kd6 Ne8+ 46. Kd5 Nc7+ 47. Kd6 a4 48. Nd4+ Kc4 49. Kxc7 Kxd4 50. Kd6 a3 51. c6 a2 52. c7 a1=Q 53. c8=Q Qc3 54. Qh8+ Ke4 55. Qe5+ Kf3 56. Qxc3+ bxc3 57. Kd5 Ke3 58. Kc4 Kd2 59. Kb3 h6 60. h4 h5 61. Kc4 Kxc2 62. Kd4 Kd2 63. Ke5 Ke3 0-1

[Event "Montreal Mercredi 10"]
[Site "Montreal CAN"]
[Date "2008.10.22"]
[Round "3"]
[White "Lamouche, Andre"]
[Black "Millette, Sylvain"]
[Result "1-0"]
[WhiteElo "1715"]
[BlackElo "1717"]
[PlyCount "71"]
[GameId "2160767910311346"]
[EventDate "2008.10.08"]
[EventType "tourn"]
[EventRounds "5"]
[EventCountry "CAN"]
[SourceTitle "EXT 2011"]
[Source "ChessBase"]
[SourceDate "2011.11.26"]
[SourceVersion "1"]
[SourceVersionDate "2011.11.26"]
[SourceQuality "1"]

1. e4 Nf6 2. e5 Nd5 3. d4 d6 4. Nf3 Bg4 5. Be2 Nc6 6. c4 Nb6 7. exd6 exd6 8. Nc3 Be7 9. O-O O-O 10. b3 Re8 11. Be3 Bf6 12. Rc1 Qd7 13. Qd2 a6 14. Rfd1 Rad8 15. d5 Ne5 16. Nxe5 Bxe5 17. f3 Bxc3 18. Rxc3 Bf5 19. g4 Bg6 20. h4 h5 21. Bg5 f6 22. Be3 Re7 23. c5 dxc5 24. Bxc5 Re5 25. d6 Rd5 26. Bc4 Nxc4 27. Qxd5+ Bf7 28. Qxb7 Nxd6 29. Bxd6 hxg4 30. Qxc7 gxf3 31. Qxd7 Rxd7 32. Kf2 g5 33. hxg5 fxg5 34. Rxf3 Bh5 35. Rf8+ Kg7 36. Be5+ 1-0

[Event "Montreal Mercredi 10"]
[Site "Montreal CAN"]
[Date "2008.10.22"]
[Round "3"]
[White "Marquis, Gerald"]
[Black "Serra, Luc"]
[Result "0-1"]
[WhiteElo "1540"]
[BlackElo "1607"]
[PlyCount "45"]
[GameId "2160767910311347"]
[EventDate "2008.10.08"]
[EventType "tourn"]
[EventRounds "5"]
[EventCountry "CAN"]
[SourceTitle "EXT 2011"]
[Source "ChessBase"]
[SourceDate "2011.11.26"]
[SourceVersion "1"]
[SourceVersionDate "2011.11.26"]
[SourceQuality "1"]

1. e4 e6 2. d4 d5 3. Nd2 Nc6 4. c3 Bd7 5. Bd3 dxe4 6. Nxe4 Nf6 7. f4 Nxe4 8. Bxe4 Bd6 9. Nf3 h6 10. O-O f5 11. Bd3 Qf6 12. Ne5 O-O-O 13. b4 Ne7 14. Nxd7 Rxd7 15. Qa4 Nd5 16. Qxa7 Kd8 17. Qxb7 Nxc3 18. Be3 Nd5 19. Rf3 Nxe3 20. Rxe3 Qxd4 21. Rae1 Bxf4 22. Kf2 Bxe3+ 23. Rxe3 0-1

[Event "Montreal Mercredi 10"]
[Site "Montreal CAN"]
[Date "2008.10.22"]
[Round "3"]
[White "Morin, Louis"]
[Black "Panayotov, Ivo"]
[Result "1-0"]
[WhiteElo "1934"]
[BlackElo "2001"]
[PlyCount "107"]
[GameId "2160767910311348"]
[EventDate "2008.10.08"]
[EventType "tourn"]
[EventRounds "5"]
[EventCountry "CAN"]
[SourceTitle "EXT 2011"]
[Source "ChessBase"]
[SourceDate "2011.11.26"]
[SourceVersion "1"]
[SourceVersionDate "2011.11.26"]
[SourceQuality "1"]

1. e4 c5 2. d4 cxd4 3. c3 Nf6 4. e5 Nd5 5. Nf3 e6 6. Bc4 Nb6 7. Bb3 dxc3 8. Nxc3 d5 9. exd6 Bxd6 10. O-O Nc6 11. Qe2 O-O 12. Rd1 Qe7 13. Bg5 f6 14. Ne4 Bc7 15. Be3 Rd8 16. Bc5 Rxd1+ 17. Rxd1 Qe8 18. Nd6 Bxd6 19. Rxd6 Bd7 20. Bxb6 axb6 21. Rxd7 Nd8 22. Rd6 Rc8 23. Bxe6+ Nxe6 24. Qxe6+ Qxe6 25. Rxe6 Rc2 26. Kf1 Rxb2 27. Re2 Rb1+ 28. Ne1 Kf7 29. Rc2 Kg6 30. Ke2 Rb5 31. Nd3 Ra5 32. Rb2 Kf5 33. Ke3 Ra6 34. Kd4 Ra4+ 35. Nb4 h5 36. Kc4 Ra5 37. Nd5 Ra4+ 38. Kb5 Ra5+ 39. Kxb6 Rxd5 40. Rb5 Ke4 41. Rxd5 Kxd5 42. Kxb7 Kc5 43. Kc7 g5 44. Kd7 Kd5 45. Ke7 Ke5 46. Kf7 h4 47. Kg6 Kf4 48. a4 g4 49. a5 h3 50. gxh3 gxh3 51. a6 Kf3 52. a7 Kxf2 53. a8=Q Kg1 54. Qb8 1-0

[Event "Montreal Mercredi 10"]
[Site "Montreal CAN"]
[Date "2008.10.22"]
[Round "3"]
[White "Sonn, Eric"]
[Black "Germain, Max"]
[Result "1/2-1/2"]
[WhiteElo "1670"]
[BlackElo "1644"]
[PlyCount "71"]
[GameId "2160767910311349"]
[EventDate "2008.10.08"]
[EventType "tourn"]
[EventRounds "5"]
[EventCountry "CAN"]
[SourceTitle "EXT 2011"]
[Source "ChessBase"]
[SourceDate "2011.11.26"]
[SourceVersion "1"]
[SourceVersionDate "2011.11.26"]
[SourceQuality "1"]

1. e4 c5 2. Nf3 e6 3. g3 Nc6 4. Bg2 Qc7 5. c3 d6 6. d4 e5 7. dxc5 dxc5 8. Nbd2 Nf6 9. Qc2 b5 10. Nf1 Bb7 11. Ne3 Ne7 12. Nd2 c4 13. b3 cxb3 14. axb3 Nd7 15. Bb2 g6 16. O-O Bg7 17. Nd5 Nxd5 18. exd5 O-O 19. c4 Rfc8 20. Rac1 Nb6 21. Qb1 bxc4 22. bxc4 Qd7 23. Qa1 f6 24. h4 Na4 25. Ba3 Nc5 26. Kh2 f5 27. Qb1 Rab8 28. Qb5 Qc7 29. Rb1 Bf8 30. Qb2 Bc6 31. Qa1 Bb7 32. Bb2 Ba6 33. Ba3 Qa5 34. Rbd1 Nb3 35. Nxb3 Qxa3 36. Nd2 1/2-1/2

[Event "Montreal Mercredi 10"]
[Site "Montreal CAN"]
[Date "2008.10.22"]
[Round "3"]
[White "Tremblay, Sigfrid"]
[Black "Cote, Philippe"]
[Result "1-0"]
[WhiteElo "1757"]
[BlackElo "1756"]
[PlyCount "39"]
[GameId "2160767910311350"]
[EventDate "2008.10.08"]
[EventType "tourn"]
[EventRounds "5"]
[EventCountry "CAN"]
[SourceTitle "EXT 2011"]
[Source "ChessBase"]
[SourceDate "2011.11.26"]
[SourceVersion "1"]
[SourceVersionDate "2011.11.26"]
[SourceQuality "1"]

1. e4 g6 2. d4 Bg7 3. Nc3 d6 4. Be3 a6 5. a4 b6 6. g4 Nd7 7. Nge2 e6 8. Bg2 Ne7 9. Qd2 h6 10. f4 Bb7 11. Ng3 Rc8 12. f5 c5 13. O-O cxd4 14. Bxd4 Bxd4+ 15. Qxd4 Ne5 16. fxe6 fxe6 17. Rad1 N7c6 18. Qf2 Qc7 19. Qf6 Qe7 20. Qxh8+ 1-0

[Event "Montreal Mercredi 10"]
[Site "Montreal CAN"]
[Date "2008.10.28"]
[Round "4"]
[White "Gauthier, Denis"]
[Black "Caceres Cortes, Julio"]
[Result "0-1"]
[WhiteElo "1832"]
[BlackElo "1930"]
[PlyCount "190"]
[GameId "2160767910311351"]
[EventDate "2008.10.08"]
[EventType "tourn"]
[EventRounds "5"]
[EventCountry "CAN"]
[SourceTitle "EXT 2011"]
[Source "ChessBase"]
[SourceDate "2011.11.26"]
[SourceVersion "1"]
[SourceVersionDate "2011.11.26"]
[SourceQuality "1"]

1. d4 Nf6 2. c4 g6 3. Nc3 Bg7 4. Nf3 d6 5. Bf4 O-O 6. h3 Nbd7 7. e3 a6 8. Be2 Qe8 9. O-O e5 10. Bh2 Qe7 11. Qc2 b6 12. b4 Bb7 13. Rfe1 e4 14. Nd2 Rfe8 15. Rab1 Ra7 16. Nb3 Ba8 17. a4 c5 18. bxc5 bxc5 19. dxc5 dxc5 20. Red1 Ne5 21. a5 Bc6 22. Nd2 Ned7 23. Bg3 Nh5 24. Bxh5 gxh5 25. Ne2 f5 26. Nf4 h4 27. Bh2 Ne5 28. Rb6 Rd8 29. Rdb1 Rad7 30. Rb8 Qd6 31. Rxd8+ Rxd8 32. Nf1 Kh8 33. Nh5 Qg6 34. Nxg7 Qxg7 35. Rb6 Nf3+ 36. Kh1 Kg8 37. Qb2 Nxh2 38. Qxg7+ Kxg7 39. Kxh2 Ba4 40. Rxa6 Rd1 41. g3 Re1 42. Kg2 Bb3 43. Rc6 Bxc4 44. Nh2 hxg3 45. Kxg3 Be2 46. Rxc5 Rg1+ 47. Kf4 Rg2 48. Kxf5 Rxf2+ 49. Kxe4 Rxh2 50. Rc7+ Kg6 51. a6 Rxh3 52. a7 Rh4+ 53. Ke5 Ra4 54. Rc2 Bf3 55. Rc7 Re4+ 56. Kd6 Rxe3 57. Rc8 Ra3 58. Rc7 h5 59. Ke5 Ba8 60. Kf4 Rf3+ 61. Ke5 Rf7 62. Rc8 Rxa7 63. Rg8+ Kf7 64. Rh8 Kg7 65. Rd8 Bh1 66. Kf4 Ra5 67. Rd7+ Kf6 68. Rd6+ Ke7 69. Rh6 Kf7 70. Rh8 Kg7 71. Rd8 Rd5 72. Rc8 Rd7 73. Rh8 Kf6 74. Rh6+ Kg7 75. Kg5 Bf3 76. Rg6+ Kh7 77. Rh6+ Kg8 78. Kf6 Rf7+ 79. Kg5 Rg7+ 80. Kf4 Bd1 81. Rd6 Rg4+ 82. Ke3 Ba4 83. Kf3 Kf7 84. Rb6 Bd7 85. Rd6 Ke7 86. Rb6 Be6 87. Rb7+ Kf6 88. Rb6 Kg5 89. Rb5+ Bd5+ 90. Kf2 h4 91. Rb8 h3 92. Rh8 Rg2+ 93. Kf1 Bc4+ 94. Ke1 h2 95. Rh5+ Kf6 0-1

[Event "Montreal Mercredi 10"]
[Site "Montreal CAN"]
[Date "2008.10.28"]
[Round "4"]
[White "Germain, Max"]
[Black "Marquis, Gerald"]
[Result "0-1"]
[WhiteElo "1644"]
[BlackElo "1540"]
[PlyCount "98"]
[GameId "2160767910311352"]
[EventDate "2008.10.08"]
[EventType "tourn"]
[EventRounds "5"]
[EventCountry "CAN"]
[SourceTitle "EXT 2011"]
[Source "ChessBase"]
[SourceDate "2011.11.26"]
[SourceVersion "1"]
[SourceVersionDate "2011.11.26"]
[SourceQuality "1"]

1. d4 d5 2. c4 e6 3. Nc3 Nf6 4. Bg5 c6 5. cxd5 exd5 6. e3 Bf5 7. Bd3 Bxd3 8. Qxd3 Nbd7 9. Nge2 Bd6 10. e4 dxe4 11. Nxe4 Be7 12. O-O O-O 13. Rad1 Nxe4 14. Bxe7 Qxe7 15. f3 Nef6 16. Nc3 Rfe8 17. Rd2 Qe3+ 18. Qxe3 Rxe3 19. Kf2 Rae8 20. Nd1 R3e6 21. Nc3 Rd6 22. h3 Nd5 23. Ne4 Rg6 24. g3 N7f6 25. Nd6 Ng4+ 26. hxg4 Rxd6 27. Re1 Rxe1 28. Kxe1 Nc7 29. Ke2 Ne6 30. Ke3 c5 31. d5 Nd4 32. Ke4 Kf8 33. Rd3 Ke7 34. b4 b6 35. f4 h6 36. bxc5 bxc5 37. Rc3 Ra6 38. Rxc5 Ra4 39. Rc7+ Ke8 40. Ke3 Nb5 41. Rc8+ Ke7 42. Rg8 Kf6 43. Rd8 Ke7 44. Rg8 Ra3+ 45. Ke4 Rxg3 46. Rxg7 Nd6+ 47. Ke5 Re3+ 48. Kd4 Re4+ 49. Kc3 Rxf4 0-1

[Event "Montreal Mercredi 10"]
[Site "Montreal CAN"]
[Date "2008.10.28"]
[Round "4"]
[White "Giroux, Robert"]
[Black "Gilman, Arkadiy"]
[Result "1-0"]
[WhiteElo "1972"]
[BlackElo "2087"]
[PlyCount "89"]
[GameId "2160767910311353"]
[EventDate "2008.10.08"]
[EventType "tourn"]
[EventRounds "5"]
[EventCountry "CAN"]
[SourceTitle "EXT 2011"]
[Source "ChessBase"]
[SourceDate "2011.11.26"]
[SourceVersion "1"]
[SourceVersionDate "2011.11.26"]
[SourceQuality "1"]

1. e4 e6 2. d4 d5 3. Nc3 Nf6 4. Bg5 dxe4 5. Nxe4 Be7 6. Bxf6 gxf6 7. Nf3 a6 8. Qd2 f5 9. Nc3 b5 10. a4 b4 11. Na2 Nc6 12. Rd1 Qd5 13. c4 Qe4+ 14. Qe2 Bb7 15. Qxe4 fxe4 16. Ne5 Rd8 17. Nxc6 Bxc6 18. b3 a5 19. Nc1 Bf6 20. Ne2 Rg8 21. Rg1 Ke7 22. g3 Rd6 23. g4 Rgd8 24. Rg3 Bxd4 25. Nxd4 Rxd4 26. Rxd4 Rxd4 27. Rh3 e3 28. fxe3 Rxg4 29. Rxh7 Be4 30. Rh8 Bc2 31. h4 Bxb3 32. Be2 Re4 33. Kd2 Bxc4 34. Bf3 Re5 35. e4 Kf6 36. Ke3 b3 37. Rb8 Rb5 38. axb5 b2 39. e5+ Kxe5 40. Be4 a4 41. Bb1 Kf6 42. Kd4 Bd5 43. Rd8 a3 44. Rxd5 exd5 45. Kxd5 1-0

[Event "Montreal Mercredi 10"]
[Site "Montreal CAN"]
[Date "2008.10.28"]
[Round "4"]
[White "Lamouche, Andre"]
[Black "Tremblay, Sigfrid"]
[Result "1-0"]
[WhiteElo "1715"]
[BlackElo "1757"]
[PlyCount "42"]
[GameId "2160767910311354"]
[EventDate "2008.10.08"]
[EventType "tourn"]
[EventRounds "5"]
[EventCountry "CAN"]
[SourceTitle "EXT 2011"]
[Source "ChessBase"]
[SourceDate "2011.11.26"]
[SourceVersion "1"]
[SourceVersionDate "2011.11.26"]
[SourceQuality "1"]

1. e4 e5 2. Nf3 Nc6 3. Bb5 a6 4. Ba4 Nf6 5. O-O Be7 6. Re1 b5 7. Bb3 O-O 8. h3 d6 9. c3 Na5 10. Bc2 c5 11. d4 Qc7 12. d5 h6 13. Nbd2 c4 14. Nf1 Nb7 15. Be3 Nc5 16. Ng3 Nh7 17. Qd2 Qd8 18. Bxc5 dxc5 19. Nxe5 Bg5 20. Qe2 Re8 21. Nc6 Bb7 1-0

[Event "Montreal Mercredi 10"]
[Site "Montreal CAN"]
[Date "2008.10.28"]
[Round "4"]
[White "Landry, Martin"]
[Black "Serra, Luc"]
[Result "0-1"]
[WhiteElo "1581"]
[BlackElo "1607"]
[PlyCount "72"]
[GameId "2160767910311355"]
[EventDate "2008.10.08"]
[EventType "tourn"]
[EventRounds "5"]
[EventCountry "CAN"]
[SourceTitle "EXT 2011"]
[Source "ChessBase"]
[SourceDate "2011.11.26"]
[SourceVersion "1"]
[SourceVersionDate "2011.11.26"]
[SourceQuality "1"]

1. d4 d6 2. e4 e5 3. dxe5 dxe5 4. Qxd8+ Kxd8 5. Bc4 f6 6. Ne2 Nd7 7. O-O c6 8. Rd1 Kc7 9. Nbc3 Bc5 10. a3 a5 11. Rb1 a4 12. Na2 Ne7 13. Be6 Nb6 14. Bxc8 Nbxc8 15. Nb4 Nd6 16. Ng3 h5 17. Re1 Rhd8 18. Nd3 Bb6 19. Bd2 h4 20. Nf1 g5 21. Nxe5 fxe5 22. Bxg5 Re8 23. Bxh4 Ng6 24. Bg5 Nc4 25. Ne3 Nd2 26. Nd5+ cxd5 27. Bxd2 Rf8 28. Be3 d4 29. Bh6 Rf7 30. Kf1 Rh8 31. Bd2 Rxh2 32. f3 Rfh7 33. Bg5 R7h5 34. Bf6 Nf4 35. g4 Rh1+ 36. Kf2 R5h2+ 0-1

[Event "Montreal Mercredi 10"]
[Site "Montreal CAN"]
[Date "2008.10.28"]
[Round "4"]
[White "Le Duin, Thierry"]
[Black "Morin, Louis"]
[Result "1-0"]
[WhiteElo "2020"]
[BlackElo "1934"]
[PlyCount "101"]
[GameId "2160767910311356"]
[EventDate "2008.10.08"]
[EventType "tourn"]
[EventRounds "5"]
[EventCountry "CAN"]
[SourceTitle "EXT 2011"]
[Source "ChessBase"]
[SourceDate "2011.11.26"]
[SourceVersion "1"]
[SourceVersionDate "2011.11.26"]
[SourceQuality "1"]

1. d4 e5 2. dxe5 Nc6 3. Nf3 Qe7 4. Qd5 f6 5. exf6 Nxf6 6. Qb3 d5 7. Bg5 Bd7 8. Nc3 Na5 9. Bxf6 Nxb3 10. Bxe7 Nxa1 11. Bxf8 Rxf8 12. Kd2 O-O-O 13. e3 Bg4 14. Be2 d4 15. exd4 Bxf3 16. Bxf3 Rxd4+ 17. Kc1 c6 18. Rd1 Rfd8 19. Rxd4 Rxd4 20. Nd1 Ra4 21. Nc3 Rd4 22. Be4 Kc7 23. f3 h6 24. Bd3 a5 25. Kb1 Nxc2 26. Kxc2 b5 27. g3 Kb6 28. f4 a4 29. f5 Ka5 30. Ne2 Rd7 31. Nf4 c5 32. Ne6 c4 33. Be4 b4 34. h4 Re7 35. g4 Kb5 36. g5 hxg5 37. hxg5 g6 38. f6 Rxe6 39. f7 Rxe4 40. f8=Q Re2+ 41. Kc1 Re6 42. Qb8+ Rb6 43. Qe5+ Ka6 44. Qd5 c3 45. bxc3 bxc3 46. Qc4+ Kb7 47. Qxa4 Rc6 48. Kc2 Kc7 49. Qxc6+ Kxc6 50. Kxc3 Kc5 51. a4 1-0

[Event "Montreal Mercredi 10"]
[Site "Montreal CAN"]
[Date "2008.10.28"]
[Round "4"]
[White "Millette, Sylvain"]
[Black "Pregent, Daniel"]
[Result "0-1"]
[WhiteElo "1717"]
[BlackElo "1737"]
[PlyCount "110"]
[GameId "2160767910311357"]
[EventDate "2008.10.08"]
[EventType "tourn"]
[EventRounds "5"]
[EventCountry "CAN"]
[SourceTitle "EXT 2011"]
[Source "ChessBase"]
[SourceDate "2011.11.26"]
[SourceVersion "1"]
[SourceVersionDate "2011.11.26"]
[SourceQuality "1"]

1. Nf3 Nf6 2. g3 d5 3. d4 c6 4. Bg2 Bg4 5. O-O e6 6. Bg5 Nbd7 7. Nbd2 Be7 8. h3 Bf5 9. Re1 O-O 10. Nh4 Re8 11. e4 Bxe4 12. Nxe4 Nxe4 13. Bxe7 Qxe7 14. Bxe4 dxe4 15. Rxe4 Qb4 16. b3 Nf6 17. Qe1 Qd6 18. Rf4 Nh5 19. Re4 g5 20. Nf5 Qd7 21. Ne3 Nf6 22. Re5 h6 23. Rd1 Rad8 24. Qe2 Qc7 25. Ng4 Kg7 26. Nxf6 Kxf6 27. Rd3 Rxd4 28. Rxd4 Qxe5 29. Qf3+ Ke7 30. Qc3 Kf8 31. f4 gxf4 32. gxf4 Qc7 33. Qc5+ Kg7 34. Qxa7 Rg8 35. Rb4 Rb8 36. Qf2 Kh7 37. f5 Qd6 38. fxe6 Rg8+ 39. Rg4 Rxg4+ 40. hxg4 Qxe6 41. Qf5+ Qxf5 42. gxf5 Kg7 43. a4 Kf6 44. b4 Kxf5 45. c4 Ke5 46. a5 Kd6 47. Kf2 h5 48. Kg3 f5 49. Kf4 h4 50. Kf3 Kc7 51. Kg2 f4 52. Kf3 h3 53. Kf2 Kb8 54. Kg1 f3 55. b5 Ka7 0-1

[Event "Montreal Mercredi 10"]
[Site "Montreal CAN"]
[Date "2008.10.28"]
[Round "4"]
[White "Plante, Michel"]
[Black "Panayotov, Ivo"]
[Result "1/2-1/2"]
[WhiteElo "1980"]
[BlackElo "2001"]
[PlyCount "145"]
[GameId "2160767910311358"]
[EventDate "2008.10.08"]
[EventType "tourn"]
[EventRounds "5"]
[EventCountry "CAN"]
[SourceTitle "EXT 2011"]
[Source "ChessBase"]
[SourceDate "2011.11.26"]
[SourceVersion "1"]
[SourceVersionDate "2011.11.26"]
[SourceQuality "1"]

1. d4 Nf6 2. Nf3 d5 3. e3 c5 4. dxc5 Qa5+ 5. Nbd2 Nc6 6. a3 g6 7. Bd3 Bg7 8. O-O O-O 9. b4 Qc7 10. Bb2 Bg4 11. h3 Bxf3 12. Nxf3 a5 13. c3 Rad8 14. Qe2 e5 15. Bb5 Rfe8 16. Rfd1 Re7 17. Nd2 Nd7 18. Nb3 Ndb8 19. Rd2 Na7 20. Nxa5 Nbc6 21. Nb3 f5 22. Rad1 Nxb5 23. Qxb5 Red7 24. c4 d4 25. exd4 exd4 26. Qb6 Qf4 27. Nc1 Ne5 28. Nd3 Nxd3 29. Rxd3 Rc8 30. Bc1 Qe4 31. b5 Re7 32. Bg5 Re6 33. Qa5 Be5 34. g3 f4 35. Qe1 Qf5 36. h4 fxg3 37. fxg3 Qg4 38. Qf2 Rf8 39. Qg2 Bb8 40. Rf1 Rxf1+ 41. Kxf1 Re5 42. Rf3 Qe4 43. Qf2 Rf5 44. Rxf5 gxf5 45. Bf4 Qh1+ 46. Qg1 Qf3+ 47. Qf2 Qh1+ 48. Ke2 Qe4+ 49. Kd2 Bxf4+ 50. Qxf4 Qb1 51. Qb8+ Kg7 52. Qxb7+ Kg6 53. Qc6+ Kh5 54. Qf3+ Kg6 55. Qd3 Qb2+ 56. Kd1 Qa1+ 57. Kd2 Qb2+ 58. Ke1 Qg2 59. Qxd4 Qxg3+ 60. Ke2 Qg2+ 61. Ke1 Qg3+ 62. Kf1 Qf3+ 63. Qf2 Qd3+ 64. Kg2 Qxc4 65. Qg3+ Kf6 66. Qd6+ Kf7 67. b6 Qe2+ 68. Kg3 Qe3+ 69. Kh2 Qf2+ 70. Kh3 Qf3+ 71. Qg3 Qh1+ 72. Qh2 Qf3+ 73. Qg3 1/2-1/2

[Event "Montreal Mercredi 10"]
[Site "Montreal CAN"]
[Date "2008.10.28"]
[Round "4"]
[White "Poschmann, Jeremie"]
[Black "Crezegut, Anthony"]
[Result "1-0"]
[WhiteElo "1859"]
[BlackElo "1870"]
[PlyCount "72"]
[GameId "2160767910311359"]
[EventDate "2008.10.08"]
[EventType "tourn"]
[EventRounds "5"]
[EventCountry "CAN"]
[SourceTitle "EXT 2011"]
[Source "ChessBase"]
[SourceDate "2011.11.26"]
[SourceVersion "1"]
[SourceVersionDate "2011.11.26"]
[SourceQuality "1"]

1. d4 d5 2. c4 c6 3. cxd5 cxd5 4. Bf4 Nf6 5. Nc3 e6 6. e3 Be7 7. Nf3 O-O 8. Bd3 Nc6 9. Rc1 a6 10. Bb1 Bd7 11. g4 Qa5 12. Qd2 Bb4 13. a3 Bxc3 14. Rxc3 Ne4 15. Bxe4 dxe4 16. Ng5 e5 17. b4 Qd8 18. dxe5 Bxg4 19. Rg1 Qxd2+ 20. Kxd2 Rad8+ 21. Kc1 Bf5 22. f3 exf3 23. Nxf3 Ne7 24. Nd4 Bg6 25. Bg5 Nd5 26. Rc5 Rc8 27. Kd2 Rxc5 28. bxc5 Re8 29. Bf4 Nxf4 30. exf4 Rc8 31. f5 Bh5 32. Rc1 Rd8 33. Ke3 Kf8 34. c6 bxc6 35. Rxc6 a5 36. Rc5 Ra8 1-0

[Event "Montreal Mercredi 10"]
[Site "Montreal CAN"]
[Date "2008.11.05"]
[Round "5"]
[White "Baran, Marius"]
[Black "Lamouche, Andre"]
[Result "1-0"]
[WhiteElo "1695"]
[BlackElo "1715"]
[PlyCount "75"]
[GameId "2160767910311360"]
[EventDate "2008.10.08"]
[EventType "tourn"]
[EventRounds "5"]
[EventCountry "CAN"]
[SourceTitle "EXT 2011"]
[Source "ChessBase"]
[SourceDate "2011.11.26"]
[SourceVersion "1"]
[SourceVersionDate "2011.11.26"]
[SourceQuality "1"]

1. d4 Nf6 2. c4 c5 3. e3 g6 4. Nf3 Bg7 5. Nc3 O-O 6. Bd3 d6 7. h3 Nc6 8. O-O Re8 9. d5 Nb4 10. Bb1 e6 11. a3 Na6 12. e4 exd5 13. exd5 Nc7 14. Re1 Bd7 15. Bf4 Rxe1+ 16. Qxe1 Nce8 17. Bd3 a6 18. Qd2 Rc8 19. Re1 b5 20. Bg5 b4 21. Ne4 Nxe4 22. Rxe4 f6 23. Bf4 Bf5 24. Re2 Bxd3 25. Qxd3 f5 26. Ng5 bxa3 27. bxa3 Qf6 28. Ne6 Qa1+ 29. Kh2 Be5 30. Bxe5 dxe5 31. d6 e4 32. Qd5 Nf6 33. d7 Nxd5 34. dxc8=Q+ Kf7 35. Ng5+ Kg7 36. Qd7+ Kf6 37. Nxh7+ Ke5 38. Qg7+ 1-0

[Event "Montreal Mercredi 10"]
[Site "Montreal CAN"]
[Date "2008.11.05"]
[Round "5"]
[White "Morin, Louis"]
[Black "Giroux, Robert"]
[Result "0-1"]
[WhiteElo "1934"]
[BlackElo "1972"]
[PlyCount "88"]
[GameId "2160767910311361"]
[EventDate "2008.10.08"]
[EventType "tourn"]
[EventRounds "5"]
[EventCountry "CAN"]
[SourceTitle "EXT 2011"]
[Source "ChessBase"]
[SourceDate "2011.11.26"]
[SourceVersion "1"]
[SourceVersionDate "2011.11.26"]
[SourceQuality "1"]

1. e4 c5 2. d4 cxd4 3. c3 dxc3 4. Nxc3 Nc6 5. Nf3 d6 6. Bc4 a6 7. e5 e6 8. exd6 Bxd6 9. O-O Nf6 10. Qe2 h6 11. Rd1 Qc7 12. Be3 O-O 13. Rac1 Ng4 14. g3 Nxe3 15. Qxe3 Be7 16. Ne4 Rd8 17. Rxd8+ Qxd8 18. Bb3 Bd7 19. Nc5 Bxc5 20. Qxc5 Qf6 21. Rd1 Be8 22. Qb6 Qxf3 23. Qxb7 Rb8 24. Qxb8 Qxd1+ 25. Bxd1 Nxb8 26. b4 Kf8 27. Kf1 Nc6 28. a3 Nd4 29. Ke1 Ke7 30. Kd2 Kd6 31. Kc3 e5 32. Bg4 f5 33. Bd1 Bb5 34. a4 Be2 35. Bxe2 Nxe2+ 36. Kc4 Kc6 37. b5+ axb5+ 38. axb5+ Kd6 39. b6 Nd4 40. f4 Nc6 41. fxe5+ Nxe5+ 42. Kb5 g5 43. Ka6 f4 44. b7 Nc6 0-1

[Event "Montreal Mercredi 10"]
[Site "Montreal CAN"]
[Date "2008.11.05"]
[Round "5"]
[White "Panayotov, Ivo"]
[Black "Le Duin, Thierry"]
[Result "1/2-1/2"]
[WhiteElo "2001"]
[BlackElo "2020"]
[PlyCount "89"]
[GameId "2160767910311362"]
[EventDate "2008.10.08"]
[EventType "tourn"]
[EventRounds "5"]
[EventCountry "CAN"]
[SourceTitle "EXT 2011"]
[Source "ChessBase"]
[SourceDate "2011.11.26"]
[SourceVersion "1"]
[SourceVersionDate "2011.11.26"]
[SourceQuality "1"]

1. e4 d5 2. exd5 Nf6 3. Bb5+ Bd7 4. Be2 Nxd5 5. d4 Bf5 6. Nf3 Nc6 7. O-O e6 8. a3 Be7 9. c4 Nb6 10. Nc3 Bf6 11. Be3 O-O 12. b4 Bg4 13. Ne4 Be7 14. Nc5 Qc8 15. Ne5 Nxe5 16. dxe5 Rd8 17. Qe1 Bf5 18. Rd1 Bxc5 19. Bxc5 Bc2 20. Rxd8+ Qxd8 21. Qc3 Ba4 22. f4 Nd7 23. Be3 Nf8 24. Bf3 c6 25. Rf2 Qh4 26. g3 Qh3 27. Rd2 Qf5 28. Kg2 Qb1 29. Qd4 Qb3 30. g4 Qxa3 31. c5 Bb3 32. f5 Bd5 33. Bxd5 cxd5 34. f6 gxf6 35. exf6 Ng6 36. Bf2 e5 37. Qe3 Qxe3 38. Bxe3 d4 39. Bh6 a6 40. Kf3 Re8 41. Ke4 Nf8 42. Rf2 Nd7 43. Rf5 Re6 44. Rg5+ Kh8 45. Bg7+ 1/2-1/2

[Event "Montreal Mercredi 10"]
[Site "Montreal CAN"]
[Date "2008.11.05"]
[Round "5"]
[White "Pregent, Daniel"]
[Black "Cote, Philippe"]
[Result "1-0"]
[WhiteElo "1737"]
[BlackElo "1756"]
[PlyCount "59"]
[GameId "2160767910311363"]
[EventDate "2008.10.08"]
[EventType "tourn"]
[EventRounds "5"]
[EventCountry "CAN"]
[SourceTitle "EXT 2011"]
[Source "ChessBase"]
[SourceDate "2011.11.26"]
[SourceVersion "1"]
[SourceVersionDate "2011.11.26"]
[SourceQuality "1"]

1. d4 g6 2. Nf3 Bg7 3. c4 Nf6 4. Nc3 d6 5. h3 O-O 6. e4 e5 7. d5 a5 8. Bg5 h6 9. Be3 Na6 10. Bd3 Qe8 11. Qd2 Kh7 12. g4 Nxe4 13. Bxe4 f5 14. gxf5 gxf5 15. Bc2 Qh5 16. Qe2 Kh8 17. O-O-O Nb4 18. Rdg1 Nxc2 19. Kxc2 f4 20. Bd2 c6 21. Kb1 b5 22. dxc6 bxc4 23. Nd5 e4 24. Ne7 exf3 25. Qxc4 Bf5+ 26. Ka1 Be5 27. Qc5 Qf7 28. Bc3 Bxc3 29. Qxc3+ Qf6 30. Rg8+ 1-0